Shadows on the wall / (Record no. 12802)
[ view plain ]
| 000 -LEADER | |
|---|---|
| fixed length control field | 00468pam a2200169 a 4500 |
| 020 ## - INTERNATIONAL STANDARD BOOK NUMBER | |
| ISBN | 1865088870 (pbk.) |
| 040 ## - CATALOGING SOURCE | |
| Transcribing agency | DLC |
| 082 00 - DEWEY DECIMAL CLASSIFICATION NUMBER | |
| Classification number | 959 ALL 2002 A099 Or. |
| 100 1# - MAIN ENTRY--AUTHOR NAME | |
| Personal name | Krasnoff, Stan, |
| 245 10 - TITLE STATEMENT | |
| Title | Shadows on the wall / |
| 260 ## - PUBLICATION, DISTRIBUTION, ETC. (IMPRINT) | |
| Place of publication | Crows Nest, N.S.W., Australia : |
| Name of publisher | Allen & Unwin, |
| Year of publication | 2002. |
| 300 ## - PHYSICAL DESCRIPTION | |
| Number of Pages | xxv, 193 p. : |
| Other physical details | 1 map ; |
| Dimensions | 22 cm. |
| 650 #0 - SUBJECT ADDED ENTRY--TOPICAL TERM | |
| Topical Term | Vietnam War, 1961-1975 |
| 650 #0 - SUBJECT ADDED ENTRY--TOPICAL TERM | |
| Topical Term | Vietnam War, 1961-1975 |
| 650 #0 - SUBJECT ADDED ENTRY--TOPICAL TERM | |
| Topical Term | Tet Offensive, 1968 |
| 942 ## - ADDED ENTRY ELEMENTS (KOHA) | |
| Koha item type | សៀវភៅភាសាអង់គ្លេស |
| 952 ## - LOCATION AND ITEM INFORMATION (KOHA) | |
| Withdrawn status [LOCAL, KOHA] | 0 |
| Permanent Location | Date acquired | Koha item type | Lost status | Shelving location | Barcode | Current Location | Full call number |
|---|---|---|---|---|---|---|---|
| Library Block A | 2017-08-17 | សៀវភៅភាសាអង់គ្លេស | A099 | A16380 | Library Block A | 959 ALL 2002 A099 Or. |